Mrs. Lizzy is dizzy! / (Record no. 2148)
[ view plain ]
| 000 -LEADER | |
|---|---|
| fixed length control field | 00945cam a2200313 a 4500 |
| 005 - DATE AND TIME OF LATEST TRANSACTION | |
| control field | 20250221100625.0 |
| 020 ## - INTERNATIONAL STANDARD BOOK NUMBER | |
| International Standard Book Number | 9780061554186 |
| 020 ## - INTERNATIONAL STANDARD BOOK NUMBER | |
| International Standard Book Number | 9780061554162 |
| 040 ## - CATALOGING SOURCE | |
| Original cataloging agency | DLC |
| Transcribing agency | DLC |
| Modifying agency | DLC |
| Language of cataloging | eng |
| 050 00 - LIBRARY OF CONGRESS CALL NUMBER | |
| Classification number | PZ7.G9846 |
| 082 00 - DEWEY DECIMAL CLASSIFICATION NUMBER | |
| Classification number | 813.54 |
| 100 1# - MAIN ENTRY--PERSONAL NAME | |
| Personal name | Gutman, Dan |
| 245 10 - TITLE STATEMENT | |
| Title | Mrs. Lizzy is dizzy! / |
| Statement of responsibility, etc. | Dan Gutman ; pictures by Jim Paillot. |
| 260 ## - PUBLICATION, DISTRIBUTION, ETC. | |
| Place of publication, distribution, etc. | New York : |
| Name of publisher, distributor, etc. | Harper, |
| Date of publication, distribution, etc. | 2010. |
| 300 ## - PHYSICAL DESCRIPTION | |
| Extent | 92 pages : |
| Other physical details | illustrations |
| Dimensions | 20 cm |
| 490 0# - SERIES STATEMENT | |
| Series statement | My weird school daze ; |
| Volume/sequential designation | 9 |
| 505 ## - FORMATTED CONTENTS NOTE | |
| Formatted contents note | M |
| 520 ## - SUMMARY, ETC. | |
| Summary, etc. | Ella Mentry School's newest teacher, Mrs. Lizzy, has some very strange ideas about learning during recess. |
| 521 ## - TARGET AUDIENCE NOTE | |
| Target audience note | 610 |
| Source | Lexile |
| 521 ## - TARGET AUDIENCE NOTE | |
| Target audience note | M |
| Source | Raz-Plus |
| 650 #1 - SUBJECT ADDED ENTRY--TOPICAL TERM | |
| Topical term or geographic name entry element | Schools |
| Form subdivision | Fiction. |
| 650 #1 - SUBJECT ADDED ENTRY--TOPICAL TERM | |
| Topical term or geographic name entry element | Teachers |
| Form subdivision | Fiction. |
| 650 #1 - SUBJECT ADDED ENTRY--TOPICAL TERM | |
| Topical term or geographic name entry element | Recess |
| Form subdivision | Fiction. |
| 650 #1 - SUBJECT ADDED ENTRY--TOPICAL TERM | |
| Topical term or geographic name entry element | Humorous stories. |
| 700 1# - ADDED ENTRY--PERSONAL NAME | |
| Personal name | Paillot, Jim |
| Relator term | illustrator |
| 906 ## - LOCAL DATA ELEMENT F, LDF (RLIN) | |
| a | 7 |
| b | cbc |
| c | orignew |
| d | 1 |
| e | ecip |
| f | 20 |
| g | y-gencatlg |
| 942 ## - ADDED ENTRY ELEMENTS (KOHA) | |
| Source of classification or shelving scheme | Dewey Decimal Classification |
| Koha item type | Books |
| Suppress in OPAC | No |
| 999 ## - | |
| -- | 2148 |
| -- | 2148 |
| Withdrawn status | Lost status | Source of classification or shelving scheme | Damaged status | Not for loan | Collection | Home library | Current library | Shelving location | Date acquired | Total Checkouts | Full call number | Barcode | Date last seen | Copy number | Price effective from | Koha item type |
|---|---|---|---|---|---|---|---|---|---|---|---|---|---|---|---|---|
| Dewey Decimal Classification | Juvenile Fiction | Footprints International School Library Network Toul Kork Campus | Footprints International School Library Network Toul Kork Campus | TK Primary Library Room(4th Floor), Bookcase 3&4, Shelves 17-32, Yellow Books | 11/07/2023 | GUT 813.54 PZ7.G9846 | FISTK00535 | 11/07/2023 | 1 | 11/07/2023 | Books | |||||
| Dewey Decimal Classification | Juvenile Fiction | Footprints International School Library Network Toul Kork Campus | Footprints International School Library Network Toul Kork Campus | TK Primary Library Room(4th Floor), Bookcase 3&4, Shelves 17-32, Yellow Books | 07/04/2024 | GUT 813.54 PZ7.G9846 | FISTK00534 | 12/06/2024 | 2 | 07/04/2024 | Books | |||||
| Dewey Decimal Classification | Juvenile Fiction | Footprints International School Library Network Toul Kork Campus | Footprints International School Library Network Toul Kork Campus | TTP Primary Yellow Bookshelves | 02/21/2025 | GUT 813.54 PZ7.G9846 | 2025-0663 | 02/21/2025 | 3 | 02/21/2025 | Books |
